All Super Mario NES games - Statistics

General Stats
  • This quiz has been taken 27 times
  • The average score is 10 of 16
Answer Stats
Year of release Game % Correct
1985 Super Mario Bros
100%
1988 Super Mario Bros / Duck Hunt
100%
1990 Super Mario Bros / Duck Hunt / Track Meet
100%
1988 Super Mario Bros 2
88%
1990 Super Mario Bros 3
88%
1986 Mario Bros
71%
1991 Yoshi
71%
1986 Donkey Kong
65%
1992 Yoshi's Cookie
47%
1991 NES Open Tournament Golf
41%
1985 Wrecking Crew
41%
1990 Dr. Mario
35%
1988 Donkey Kong Classics
29%
1993 Mario is Missing
29%
1994 Mario's Time Machine
24%
1985 Pinball
24%
No matching quizzes found
Score Distribution
Percent of People with Each Score
Percentile by Number Answered
Your Score History
You have not taken this quiz